000
00235nam a2200097Ia 4500
008
240331s9999 xx 000 0 und d
082
_a
060
_b
WEE
100
_a
Weerakoon, A.C.G.
245
0
_a
Dawin,dawinwadaya ha minis sanhathiya
942
_c
L
999
_c
632
_d
632